| 000 | 00888nam a22002657a 4500 | ||
|---|---|---|---|
| 999 |
_c33671 _d33671 |
||
| 001 | 2945 | ||
| 003 | CO-MdFUSB | ||
| 005 | 20180622073126.0 | ||
| 008 | 180418s1999 sp ||||| |||| 00| 0 spa d | ||
| 020 | _a84-8267-066-2 | ||
| 040 |
_aCO-MdFUSB _bspa _cCO-MdFUSB _dCO-MdFUSBC _erda |
||
| 041 | 0 | _aspa | |
| 082 | 0 | 4 | _aG 227.85 L9731c |
| 100 | 1 |
_aLutero, Martín (1483-1546) _eautor |
|
| 245 | 0 |
_aCartas del Apóstol Pablo a Tito, Filemón y epístola a los Hebreos _c / Martín Lutero ; Rosa Roger I Moreno, Traductor |
|
| 264 | 1 |
_aTerrassa, Barcelona, España : _b CLIE, _c[1999] |
|
| 300 | _a311 Pag | ||
| 336 |
_2rdacontent _atexto _btxt |
||
| 337 |
_2rdamedia _asin mediación _bn |
||
| 338 |
_2rdacarrier _avolumen _bnc |
||
| 653 | _aBiblia N.T. - Tito - Comentarios | ||
| 653 | _aBiblia N.T. - Filemón - Comentarios | ||
| 653 | _aBiblia N.T. - Hebreos - Comentarios | ||
| 942 | _cBK | ||